Plant breeding and genetic engineering (Record no. 395003)

MARC details
000 -LEADER
fixed length control field 00543 a2200217 4500
005 - DATE & TIME
control field 20260209124624.0
008 - FIXED-LENGTH DATA ELEMENTS--GENERAL INFORMATION
fixed length control field 260209b |||||||| |||| 00| 0 eng d
020 ## - ISBN
International Standard Book Number 9789383101733
Price Rs. 1825.00
040 ## - CATALOGING SOURCE
Original cataloging agency VIVEKANANDA LIBRARY
082 ## - DDC NUMBER
Classification number 581.1603
Book Number K529P
100 ## - MAIN ENTRY--PERSONAL NAME
Personal name Khurana Mahesh
110 ## - MAIN ENTRY--CORPORATE NAME
Corporate name
245 ## - TITLE STATEMENT
Title Plant breeding and genetic engineering
260 ## - PUBLICATION, DISTRIBUTION, ETC. (IMPRINT)
Name of publisher, distributor, etc Agrotech Press
Date of publication, distribution, etc 2026
Place of publication, distribution, etc Jaipur
300 ## - PHYSICAL DESCRIPTION
Pages 242
650 ## - Subject
Subject Botany
650 ## - Subject
Subject Plant Breeding
650 ## - Subject
Subject Crop Plants
650 ## - Subject
Subject Plants Tissue Culture
942 ## - ADDED ENTRY ELEMENTS (KOHA)
Koha item type Books
Holdings
Withdrawn status Lost status Source of classification or shelving scheme Damaged status Not for loan Location (home branch) Sublocation or collection (holding branch) Shelving location Date acquired Koha issues (times borrowed) Koha full call number Accession No. Koha date last seen Koha item type
    Dewey Decimal Classification     VIVEKANANDA LIBRARY VIVEKANANDA LIBRARY Vivekananda Library 27/01/2026   581.1603 K529P 444274 27/01/2026 Books
© Designed and Maintained by Vivekananda Library, MDU Rohtak